[Event "UNAM w Prelim B"]
[Site "Mexico City MEX"]
[Date "2012.11.18"]
[Round "3.4"]
[White "Muminova, Nafisa"]
[Black "Guramishvili, Sopiko"]
[Result "0-1"]
[WhiteTitle "WIM"]
[BlackTitle "IM"]
[WhiteElo "2349"]
[BlackElo "2403"]
[WhiteFideId "14201526"]
[BlackFideId "13602888"]
[EventDate "2012.11.16"]

1. e4 c5 2. Nf3 d6 3. d4 Nf6 4. Nc3 cxd4 5. Nxd4 a6 6. Be2 Nbd7 7. O-O Nc5 8. f3
e6 9. Be3 Be7 10. Kh1 Qc7 11. Qd2 O-O 12. a4 b6 13. Nd1 d5 14. e5 Nfd7 15. b4
Nb7 16. f4 Nd8 17. Bd3 f6 18. exf6 Nxf6 19. Nf2 Bd6 20. Rae1 Nf7 21. Rc1 e5 22.
fxe5 Nxe5 23. Be2 Nc4 24. Bxc4 dxc4 25. Nf3 Bb7 26. Nh3 Rad8 27. Qe2 Bxb4 28.
Nhg5 Rfe8 29. Rfd1 Rxd1+ 30. Rxd1 h6 31. Nh3 Nd5 32. Rxd5 Bxd5 33. Qf2 Bc5 34.
Nd4 Qf7 35. Nf4 Ba8 36. h4 Re4 37. c3 Qe8 38. Bd2 Qxa4 39. Kh2 Qe8 40. Qg3 Qf7
41. Nh3 Bxd4 42. cxd4 Re2 43. Qb8+ Qf8 44. Qxf8+ Kxf8 45. Bb4+ Kf7 46. Nf4 Re4
47. Kg3 Rxd4 48. h5 a5 49. Bc3 Rd7 50. Kg4 a4 51. Ng6 Rc7 52. Kf5 Bxg2 53. Ne5+
Kg8 54. Ke6 b5 55. Kd6 Rb7 56. Bb4 Ra7 57. Ng6 a3 58. Ke6 a2 59. Bc3 Ra6+ 60.
Kf5 a1=Q 61. Bxa1 Rxa1 0-1

[Event "UNAM w Prelim B"]
[Site "Mexico City MEX"]
[Date "2012.11.18"]
[Round "3.1"]
[White "Umudova, Nargiz"]
[Black "Partac, Elena"]
[Result "1/2-1/2"]
[WhiteTitle "WIM"]
[BlackTitle "WGM"]
[WhiteElo "2220"]
[BlackElo "2086"]
[WhiteFideId "13402137"]
[BlackFideId "13901001"]
[EventDate "2012.11.16"]

1. e4 c5 2. b3 Nc6 3. Bb2 e5 4. Bc4 d6 5. d3 g6 6. Ne2 Bg7 7. O-O Nge7 8. f4 O-O
9. Nd2 a6 10. a4 d5 11. exd5 Nxd5 12. Bxd5 Qxd5 13. Nc4 Qd8 14. fxe5 Be6 15. Ng3
Bxc4 16. bxc4 Nxe5 17. Rb1 Qc7 18. Ne4 f5 19. Ng3 Ng4 20. Qf3 Rab8 21. h3 Bxb2
22. Rxb2 Qg7 23. Rb3 Qd4+ 24. Kh1 Ne3 25. Rfb1 Rf7 26. Ne2 Qe5 27. c3 Nc2 28.
Nf4 Ne1 29. Qf1 Re7 30. Nd5 Re6 31. Rxb7 Rxb7 32. Rxb7 Qg3 33. Re7 Rxe7 34.
Nxe7+ Kf7 35. Nd5 f4 36. Qxf4+ Qxf4 37. Nxf4 g5 38. Nd5 Nxd3 39. Nc7 a5 40. Kg1
Nb2 41. Kf2 Nxa4 42. Na6 Nxc3 43. Nxc5 Nd1+ 44. Ke2 Nb2 45. Ne4 Nxc4 46. Nxg5+
Kg6 47. Nf3 a4 48. Kd3 Nb6 49. Kc3 Nd5+ 50. Kb2 Nf4 51. Ne1 Kg5 52. Ka3 Kh4 53.
Nf3+ Kg3 54. Ng5 h5 55. Kxa4 Kxg2 56. h4 Kg3 57. Ne4+ Kxh4 58. Nf6 1/2-1/2

[Event "UNAM w Prelim B"]
[Site "Mexico City MEX"]
[Date "2012.11.18"]
[Round "3.2"]
[White "Partac, Elena"]
[Black "Umudova, Nargiz"]
[Result "1/2-1/2"]
[WhiteTitle "WGM"]
[BlackTitle "WIM"]
[WhiteElo "2086"]
[BlackElo "2220"]
[WhiteFideId "13901001"]
[BlackFideId "13402137"]
[EventDate "2012.11.16"]

1. e4 c6 2. d4 d5 3. exd5 cxd5 4. Bd3 Nc6 5. c3 Qc7 6. Ne2 Bg4 7. O-O e6 8. f3
Bh5 9. Bf4 Bd6 10. Qd2 Nge7 11. Na3 a6 12. Bxd6 Qxd6 13. Nf4 Bg6 14. Nc2 O-O 15.
Rae1 b5 16. a3 Na5 17. Bxg6 hxg6 18. Nd3 Nc4 19. Qg5 Rae8 20. Re2 Nf5 21. Rfe1
Qd8 22. Qxd8 Rxd8 23. Ncb4 Rd6 24. Ne5 Nxe5 25. Rxe5 Rb8 26. Ra1 1/2-1/2

[Event "UNAM w Prelim B"]
[Site "Mexico City MEX"]
[Date "2012.11.18"]
[Round "3.3"]
[White "Umudova, Nargiz"]
[Black "Partac, Elena"]
[Result "1-0"]
[WhiteTitle "WIM"]
[BlackTitle "WGM"]
[WhiteElo "2220"]
[BlackElo "2086"]
[WhiteFideId "13402137"]
[BlackFideId "13901001"]
[EventDate "2012.11.16"]

1. e4 c5 2. b3 Nc6 3. Bb2 e5 4. Bc4 d6 5. Ne2 g6 6. O-O Bg7 7. f4 Nge7 8. d3 O-O
9. Nbc3 Rb8 10. a4 a6 11. fxe5 dxe5 12. Qd2 Nd4 13. Nd5 b5 14. axb5 axb5 15.
Nxe7+ Qxe7 16. Bd5 Nxe2+ 17. Qxe2 Be6 18. c4 bxc4 19. bxc4 Rb6 20. Bc3 Rfb8 21.
h3 h6 22. Qc2 Qg5 23. Kh1 Qg3 24. Rf3 Qh4 25. Raf1 Rf8 26. Qa4 g5 27. Qa7 Rd6
28. Qxc5 g4 29. Qxd6 gxf3 30. Rxf3 Bxd5 31. exd5 Kh7 32. Qd7 Kg8 33. Qf5 Qe7 34.
Rg3 Kh8 35. Re3 Re8 36. d4 e4 37. c5 Qxc5 38. Kh2 Bf8 39. d6 Bg7 40. Qxe4 Bf6
41. d7 1-0

[Event "UNAM w Prelim B"]
[Site "Mexico City MEX"]
[Date "2012.11.18"]
[Round "3.4"]
[White "Partac, Elena"]
[Black "Umudova, Nargiz"]
[Result "1/2-1/2"]
[WhiteTitle "WGM"]
[BlackTitle "WIM"]
[WhiteElo "2086"]
[BlackElo "2220"]
[WhiteFideId "13901001"]
[BlackFideId "13402137"]
[EventDate "2012.11.16"]

1. d4 Nf6 2. e3 g6 3. Bd3 Bg7 4. Nf3 d6 5. O-O O-O 6. c4 Re8 7. Bc2 Nbd7 8. Nc3
e5 9. e4 exd4 10. Nxd4 Nb6 11. b3 a5 12. Rb1 c6 13. f3 d5 14. exd5 cxd5 15. c5
Nbd7 16. Na4 Nh5 17. g4 Qh4 18. Ne2 Be5 19. Rf2 Ng7 20. Bf4 Qf6 21. Qd2 Ne6 22.
Bxe5 Qxe5 23. Rd1 Nd4 24. Qxd4 Qxd4 25. Kg2 Rxe2 26. Rxd4 Re6 27. Rxd5 Rb6 28.
Rd6 Kg7 29. Rxd7 Rxb3 30. Bxb3 Bxd7 31. Bd5 b6 32. h4 Kf6 33. g5+ Ke7 34. Be6
Kxe6 35. f4 f5 36. gxf6 Kxf6 1/2-1/2

[Event "UNAM w Prelim B"]
[Site "Mexico City MEX"]
[Date "2012.11.18"]
[Round "3.1"]
[White "Videnova, Iva"]
[Black "Esquivel De Leon, Aurora"]
[Result "1-0"]
[WhiteTitle "WGM"]
[BlackTitle "WIM"]
[WhiteElo "2318"]
[BlackElo "1965"]
[WhiteFideId "2907763"]
[BlackFideId "5110432"]
[EventDate "2012.11.16"]

1. e4 c5 2. Nf3 e6 3. d4 cxd4 4. Nxd4 Nc6 5. Nc3 a6 6. Nxc6 bxc6 7. Bd3 Qc7 8.
O-O Nf6 9. f4 Bc5+ 10. Kh1 O-O 11. e5 Nd5 12. Ne4 Be7 13. c4 Nb4 14. Bb1 c5 15.
Qh5 h6 16. Nf6+ Bxf6 17. exf6 Qd8 18. fxg7 Kxg7 19. f5 Qf6 20. Bxh6+ Kg8 21.
Qg4+ Kh8 22. Bxf8 Bb7 23. Bxc5 Nc6 24. Rf3 Bc8 1-0

[Event "UNAM w Prelim B"]
[Site "Mexico City MEX"]
[Date "2012.11.18"]
[Round "3.2"]
[White "Esquivel De Leon, Aurora"]
[Black "Videnova, Iva"]
[Result "0-1"]
[WhiteTitle "WIM"]
[BlackTitle "WGM"]
[WhiteElo "1965"]
[BlackElo "2318"]
[WhiteFideId "5110432"]
[BlackFideId "2907763"]
[EventDate "2012.11.16"]

1. Nf3 c5 2. c4 g6 3. g3 Bg7 4. Bg2 e5 5. Nc3 Ne7 6. O-O Nbc6 7. d3 d6 8. Bg5 h6
9. Bxe7 Nxe7 10. Rb1 O-O 11. Nd2 Rb8 12. b4 b6 13. bxc5 dxc5 14. Nd5 Nxd5 15.
Bxd5 Kh7 16. Ne4 Bh3 17. Re1 f5 18. Nc3 f4 19. Qc2 fxg3 20. hxg3 Qf6 21. Ne4 Qf5
22. Kh2 Rbd8 23. Rh1 h5 24. f3 Bh6 25. Nf2 Bg4 26. Nxg4 hxg4 27. Kg2 Rxd5 28.
cxd5 gxf3+ 29. exf3 Qxf3+ 30. Kh2 Rf5 31. Kg1 Qxg3+ 32. Qg2 Qe3+ 33. Kh2 Rh5+ 0-1

[Event "UNAM w Prelim B"]
[Site "Mexico City MEX"]
[Date "2012.11.18"]
[Round "3.3"]
[White "Videnova, Iva"]
[Black "Esquivel De Leon, Aurora"]
[Result "1-0"]
[WhiteTitle "WGM"]
[BlackTitle "WIM"]
[WhiteElo "2318"]
[BlackElo "1965"]
[WhiteFideId "2907763"]
[BlackFideId "5110432"]
[EventDate "2012.11.16"]

1. e4 c5 2. Nf3 e6 3. d4 cxd4 4. Nxd4 Nc6 5. Nc3 a6 6. Nxc6 dxc6 7. Qxd8+ Kxd8
8. Bf4 Bb4 9. O-O-O+ Ke7 10. Na4 Nf6 11. Nb6 Bd7 12. Bg5 Rad8 13. e5 Bc5 14.
Nxd7 Rxd7 15. exf6+ Ke8 16. Rxd7 Kxd7 17. fxg7 Rg8 18. Bf6 Be7 19. Bxe7 Kxe7 20.
Bd3 Rxg7 21. g3 h6 22. Re1 Kd6 23. Re4 f5 24. Rh4 Rg6 25. g4 Rxg4 26. Rxg4 fxg4
27. Kd2 Ke5 28. Ke3 c5 29. a4 b6 30. Bxa6 Kf5 31. Bc8 h5 32. c3 Ke5 33. b4 cxb4
34. cxb4 Kd5 35. a5 Kc6 36. a6 Kb5 37. a7 Kxb4 38. a8=Q b5 39. Ke4 1-0

[Event "UNAM w Prelim B"]
[Site "Mexico City MEX"]
[Date "2012.11.18"]
[Round "3.4"]
[White "Esquivel De Leon, Aurora"]
[Black "Videnova, Iva"]
[Result "0-1"]
[WhiteTitle "WIM"]
[BlackTitle "WGM"]
[WhiteElo "1965"]
[BlackElo "2318"]
[WhiteFideId "5110432"]
[BlackFideId "2907763"]
[EventDate "2012.11.16"]

1. Nf3 c5 2. c4 g6 3. g3 Bg7 4. Bg2 e5 5. Nc3 Ne7 6. d3 Nbc6 7. O-O O-O 8. Rb1
f5 9. Bg5 h6 10. Bxe7 Nxe7 11. Nd2 Kh7 12. Qc2 Rb8 13. b4 d6 14. bxc5 dxc5 15.
Nb3 Qc7 16. Nb5 Qb6 17. a4 Nc6 18. a5 Nxa5 19. Nxa5 Qxa5 20. Ra1 Qb6 21. Rxa7
Bd7 22. Qa4 Be6 23. Rb1 e4 24. dxe4 f4 25. Na3 Qd8 26. Rbxb7 Rxb7 27. Rxb7 fxg3
28. hxg3 Qd4 29. e3 Qa1+ 30. Kh2 Rxf2 31. Rb1 Qa2 32. Rg1 Qe2 33. Qd1 Bf8 34.
Nb1 Bc8 0-1

[Event "UNAM w Prelim B"]
[Site "Mexico City MEX"]
[Date "2012.11.19"]
[Round "4.1"]
[White "Muminova, Nafisa"]
[Black "Esquivel De Leon, Aurora"]
[Result "1-0"]
[WhiteTitle "WIM"]
[BlackTitle "WIM"]
[WhiteElo "2349"]
[BlackElo "1965"]
[WhiteFideId "14201526"]
[BlackFideId "5110432"]
[EventDate "2012.11.16"]

1. e4 c5 2. Nf3 e6 3. d4 cxd4 4. Nxd4 Nc6 5. Nc3 a6 6. Be2 Qc7 7. O-O Nf6 8. Be3
Bb4 9. Na4 O-O 10. Nxc6 bxc6 11. Nb6 Rb8 12. Nxc8 Rfxc8 13. Bd3 Bd6 14. h3 Bh2+
15. Kh1 Bf4 16. Bd4 Be5 17. Bxa6 Re8 18. Re1 c5 19. Bc3 Bxc3 20. bxc3 Qa5 21.
Bd3 Qxc3 22. e5 Nd5 23. a3 Ra8 24. a4 Reb8 25. Be4 Rb4 26. Bxd5 exd5 27. Qxd5
Rbxa4 28. Qxa8+ 1-0

[Event "UNAM w Prelim B"]
[Site "Mexico City MEX"]
[Date "2012.11.19"]
[Round "4.2"]
[White "Esquivel De Leon, Aurora"]
[Black "Muminova, Nafisa"]
[Result "0-1"]
[WhiteTitle "WIM"]
[BlackTitle "WIM"]
[WhiteElo "1965"]
[BlackElo "2349"]
[WhiteFideId "5110432"]
[BlackFideId "14201526"]
[EventDate "2012.11.16"]

1. Nf3 d5 2. c4 e6 3. g3 Nf6 4. Bg2 dxc4 5. Qa4+ c6 6. Qxc4 b5 7. Qc2 Bb7 8. O-O
Nbd7 9. b3 c5 10. Bb2 Rc8 11. d3 Qb6 12. Nbd2 Be7 13. Rac1 O-O 14. Ne5 Rfd8 15.
Ndf3 h6 16. Rfd1 Nf8 17. Qb1 Nd5 18. d4 Nf6 19. e3 Be4 20. Qa1 Qb7 21. Ne1 Bxg2
22. Nxg2 N8h7 23. h4 Nd5 24. Ne1 Nhf6 25. N1d3 cxd4 26. Bxd4 b4 27. Nc5 Qb5 28.
Ned3 e5 29. Bxe5 Bxc5 30. Nxc5 Rxc5 31. Rxc5 Qxc5 32. e4 Nxe4 33. Bd4 Qc2 34.
Rc1 Qe2 35. Bxa7 Ndc3 36. Re1 Rd1 37. Qxd1 Qxd1 38. Rxd1 Nxd1 39. Kf1 Ndc3 40.
Bb8 Nxa2 41. f3 Nd2+ 42. Ke2 Nxb3 43. Bd6 Nd4+ 44. Ke3 Nf5+ 0-1

[Event "UNAM w Prelim B"]
[Site "Mexico City MEX"]
[Date "2012.11.19"]
[Round "4.3"]
[White "Muminova, Nafisa"]
[Black "Esquivel De Leon, Aurora"]
[Result "1-0"]
[WhiteTitle "WIM"]
[BlackTitle "WIM"]
[WhiteElo "2349"]
[BlackElo "1965"]
[WhiteFideId "14201526"]
[BlackFideId "5110432"]
[EventDate "2012.11.16"]

1. e4 c5 2. Nf3 e6 3. d4 cxd4 4. Nxd4 Nc6 5. Nc3 a6 6. Be2 Qc7 7. O-O Nf6 8. Be3
Bb4 9. Na4 O-O 10. Nxc6 bxc6 11. Nb6 Rb8 12. Nxc8 Rfxc8 13. Bxa6 Rf8 14. Bd3 Bd6
15. h3 Be5 16. b3 Bxa1 17. Qxa1 e5 18. f4 d5 19. fxe5 Nxe4 20. Bf4 Qa7+ 21. Kh2
Ra8 22. a4 Nc5 23. Be2 Ne6 24. Bd2 d4 25. Bf3 Qc5 26. Kh1 Qxc2 27. Qd1 Qc5 28.
Qe2 Rac8 29. b4 Qc2 30. a5 Rfd8 31. Be4 d3 32. Qf2 Rc7 33. a6 Nd4 34. Qh4 Ne6
35. Qxh7+ Kf8 36. Qh8+ Ke7 37. Qh4+ Ke8 38. Qf2 Qb2 39. Bxc6+ Kf8 40. b5 Qxe5
41. a7 Rxc6 42. Qxf7# 1-0

[Event "UNAM w Prelim B"]
[Site "Mexico City MEX"]
[Date "2012.11.19"]
[Round "4.4"]
[White "Esquivel De Leon, Aurora"]
[Black "Muminova, Nafisa"]
[Result "0-1"]
[WhiteTitle "WIM"]
[BlackTitle "WIM"]
[WhiteElo "1965"]
[BlackElo "2349"]
[WhiteFideId "5110432"]
[BlackFideId "14201526"]
[EventDate "2012.11.16"]

1. Nf3 d5 2. c4 e6 3. g3 Nf6 4. Bg2 dxc4 5. Qa4+ c6 6. Qxc4 b5 7. Qc2 Bb7 8. O-O
Nbd7 9. d4 Rc8 10. Ne5 Nxe5 11. dxe5 Nd5 12. e4 Nb4 13. Qe2 Qb6 14. a3 Na6 15.
Be3 Bc5 16. Bxc5 Nxc5 17. b4 Nd7 18. Rd1 Nxe5 19. Qh5 Ng6 20. Nc3 O-O 21. Rac1
c5 22. Ne2 c4 23. Nd4 a6 24. e5 Bxg2 25. Kxg2 Rfd8 26. Nf3 Rxd1 27. Rxd1 Rd8 28.
Rxd8+ Qxd8 29. Ng5 h6 30. Nxe6 Qd5+ 31. Kg1 Qxe6 32. Qd1 Nxe5 33. Qe2 Nd3 34.
Qc2 Qe1+ 35. Kg2 Qe4+ 36. Kg1 Qg2+ 37. Kxg2 Ne1+ 0-1

[Event "UNAM w Prelim B"]
[Site "Mexico City MEX"]
[Date "2012.11.19"]
[Round "4.1"]
[White "Partac, Elena"]
[Black "Videnova, Iva"]
[Result "0-1"]
[WhiteTitle "WGM"]
[BlackTitle "WGM"]
[WhiteElo "2086"]
[BlackElo "2318"]
[WhiteFideId "13901001"]
[BlackFideId "2907763"]
[EventDate "2012.11.16"]

1. e4 c5 2. Nc3 Nc6 3. g3 g6 4. Bg2 Bg7 5. d3 d6 6. Nge2 e5 7. Be3 Nge7 8. Qd2
Nd4 9. O-O O-O 10. f4 f5 11. h3 Be6 12. Kh2 Rb8 13. a4 a6 14. fxe5 dxe5 15. Bg5
Qd7 16. Ng1 c4 17. Nce2 cxd3 18. Qxd3 Rbc8 19. Nxd4 exd4 20. Rf2 Nc6 21. Re1 Nb4
22. Qd1 fxe4 23. Rxf8+ Rxf8 24. Rxe4 h6 25. Bd2 Nc6 26. Nf3 Bf5 27. Re1 Kh7 28.
Bf4 Re8 29. Rxe8 Qxe8 30. Qe1 Qd7 31. Ne5 Nxe5 32. Bxe5 Bxc2 33. Bxg7 Qxg7 34.
Qd2 d3 35. Be4 Qd4 36. Bxb7 Qxb2 37. Bxa6 Qd4 38. Bb5 Kg7 39. h4 h5 40. Bc6 Bb3
41. Bb5 Bc4 42. Bxc4 Qxc4 43. Qb2+ Kf7 44. Qb7+ Kf6 45. Qf3+ Ke5 46. Qe3+ Kd5
47. Qg5+ Kd4 48. Qf6+ Ke3 49. Qg5+ Ke2 50. Qe5+ Kd1 51. Qa1+ Qc1 52. Qd4 Qc2+
53. Kh3 d2 54. Qg1+ Ke2 55. Qg2+ Ke3 56. Qg1+ Ke4 57. Qg2+ Ke5 58. Qe2+ Kd4 59.
Qf2+ Kc3 60. Qc5+ Kb3 61. Qb5+ Ka2 62. Qd5+ Kb1 63. Qb5+ Qb2 64. Qd3+ Ka1 65. a5
Qc1 66. Qd4+ Kb1 67. Qb4+ Qb2 68. Qe4+ Kc1 69. Qe3 Qc2 70. a6 Qf5+ 71. Kg2 Kc2
72. Qe2 Kc3 73. a7 Qd5+ 74. Kh2 Kc2 75. Qf2 Kc1 76. Qe3 Kc2 77. Qe2 0-1

[Event "UNAM w Prelim B"]
[Site "Mexico City MEX"]
[Date "2012.11.19"]
[Round "4.2"]
[White "Videnova, Iva"]
[Black "Partac, Elena"]
[Result "1-0"]
[WhiteTitle "WGM"]
[BlackTitle "WGM"]
[WhiteElo "2318"]
[BlackElo "2086"]
[WhiteFideId "2907763"]
[BlackFideId "13901001"]
[EventDate "2012.11.16"]

1. e4 c5 2. Nf3 Nc6 3. d4 cxd4 4. Nxd4 g6 5. Nc3 Bg7 6. Be3 Nf6 7. Bc4 O-O 8.
Bb3 d6 9. f3 Bd7 10. Qd2 Na5 11. h4 Rc8 12. h5 Nc4 13. Bxc4 Rxc4 14. hxg6 fxg6
15. O-O-O a6 16. e5 Ne8 17. e6 Bxd4 18. Bxd4 Bxe6 19. Rxh7 Rxd4 20. Qxd4 Kxh7
21. Rh1+ Kg8 22. Rh8+ Kf7 23. Rh7+ Ng7 24. Qxg7+ Ke8 25. Qxg6+ Kd7 26. Qe4 Qb6
27. Qe1 Qd4 28. Ne4 Rc8 29. c3 d5 30. Ng5 Qf4+ 31. Qd2 Qxd2+ 32. Kxd2 Bf5 33.
Rf7 Bg6 34. Rg7 Bb1 35. a3 d4 36. Ne4 dxc3+ 37. Nxc3 Bf5 38. Nd5 Re8 39. Nf6+ 1-0

[Event "UNAM w Prelim B"]
[Site "Mexico City MEX"]
[Date "2012.11.19"]
[Round "4.3"]
[White "Partac, Elena"]
[Black "Videnova, Iva"]
[Result "1-0"]
[WhiteTitle "WGM"]
[BlackTitle "WGM"]
[WhiteElo "2086"]
[BlackElo "2318"]
[WhiteFideId "13901001"]
[BlackFideId "2907763"]
[EventDate "2012.11.16"]

1. e4 c5 2. Nf3 d6 3. d4 cxd4 4. Qxd4 a6 5. c4 Nc6 6. Qd2 g6 7. b3 Nf6 8. Bd3
Bg7 9. Bb2 O-O 10. O-O Rb8 11. Nc3 Bg4 12. Ne1 Ne5 13. Be2 Qa5 14. f3 Be6 15.
Rd1 Rfc8 16. Nd3 Nxd3 17. Bxd3 b5 18. cxb5 axb5 19. Nd5 Qxd2 20. Nxf6+ Bxf6 21.
Rxd2 Bxb2 22. Rxb2 Rc3 23. Rd2 b4 24. f4 Kg7 25. f5 Bd7 26. fxg6 hxg6 27. Bc4 f6
28. e5 Rxc4 29. exf6+ exf6 30. bxc4 Be6 31. Rxd6 Bxc4 32. Rfxf6 Bxa2 33. Rxg6+
Kf7 34. Rdf6+ Ke7 35. Rb6 Rxb6 36. Rxb6 b3 37. Rb4 Ke6 1-0

[Event "UNAM w Prelim B"]
[Site "Mexico City MEX"]
[Date "2012.11.19"]
[Round "4.4"]
[White "Videnova, Iva"]
[Black "Partac, Elena"]
[Result "0-1"]
[WhiteTitle "WGM"]
[BlackTitle "WGM"]
[WhiteElo "2318"]
[BlackElo "2086"]
[WhiteFideId "2907763"]
[BlackFideId "13901001"]
[EventDate "2012.11.16"]

1. e4 c5 2. Nf3 Nc6 3. d4 cxd4 4. Nxd4 e6 5. Nc3 Nf6 6. Ndb5 Bb4 7. a3 Bxc3+ 8.
Nxc3 d5 9. exd5 exd5 10. Bd3 O-O 11. O-O d4 12. Ne2 Bg4 13. f3 Be6 14. Bg5 h6
15. Bh4 g5 16. Bf2 Qd6 17. Qd2 Kg7 18. h4 Qd5 19. hxg5 hxg5 20. c4 Qe5 21. Rae1
Rh8 22. g3 Rh6 23. f4 Rah8 24. g4 Rh1+ 25. Kg2 Bd5+ 0-1

[Event "UNAM w Prelim B"]
[Site "Mexico City MEX"]
[Date "2012.11.19"]
[Round "4.1"]
[White "Guramishvili, Sopiko"]
[Black "Umudova, Nargiz"]
[Result "1-0"]
[WhiteTitle "IM"]
[BlackTitle "WIM"]
[WhiteElo "2403"]
[BlackElo "2220"]
[WhiteFideId "13602888"]
[BlackFideId "13402137"]
[EventDate "2012.11.16"]

1. c4 Nf6 2. g3 g6 3. Bg2 Bg7 4. Nc3 O-O 5. Nf3 d6 6. O-O e5 7. d3 Re8 8. Rb1 a5
9. a3 c6 10. b4 axb4 11. axb4 d5 12. Nd2 d4 13. Na4 Nbd7 14. c5 Nd5 15. Nc4 Bf8
16. Bd2 Qc7 17. Qb3 b5 18. cxb6 N7xb6 19. Naxb6 Nxb6 20. Na5 Be6 21. Qc2 Bd5 22.
Bxd5 Nxd5 23. Nxc6 Rec8 24. b5 Qb6 25. Qb3 Ne7 26. Nxe5 Qf6 27. Nd7 Qd6 28. Nxf8
Kxf8 29. b6 Rab8 30. Bf4 Qd8 31. Ra1 Ra8 32. Qd1 Ng8 33. Bc1 1-0

[Event "UNAM w Prelim B"]
[Site "Mexico City MEX"]
[Date "2012.11.19"]
[Round "4.2"]
[White "Umudova, Nargiz"]
[Black "Guramishvili, Sopiko"]
[Result "1/2-1/2"]
[WhiteTitle "WIM"]
[BlackTitle "IM"]
[WhiteElo "2220"]
[BlackElo "2403"]
[WhiteFideId "13402137"]
[BlackFideId "13602888"]
[EventDate "2012.11.16"]

1. e4 c5 2. b3 Nc6 3. Bb2 d6 4. f4 e5 5. Bc4 exf4 6. Qf3 Qg5 7. g3 Nf6 8. d3
fxg3 9. hxg3 Bg4 10. Qf2 Be7 11. Nd2 Ne5 12. Bb5+ Nfd7 13. Ngf3 Bxf3 14. Nxf3
Nxf3+ 15. Qxf3 O-O-O 16. Rh5 Qg6 17. Bxd7+ Rxd7 18. O-O-O Bg5+ 19. Kb1 f6 20.
Rh2 Kb8 21. g4 h6 22. a4 Re8 23. Re2 Qf7 24. d4 c4 25. d5 Rc8 26. b4 Rdc7 27. c3
Qd7 28. a5 Qa4 29. Rde1 Re7 30. Qf2 Re5 31. Qd4 Qb5 32. Kc2 Rce8 33. Kb1 g6 34.
Bc1 Bxc1 35. Kxc1 f5 36. gxf5 gxf5 37. Kb2 h5 38. Re3 f4 39. Rf3 Rxd5 40. exd5
Rxe1 41. Rxf4 Re2+ 42. Kc1 Re1+ 43. Kb2 Re2+ 44. Kc1 Qe8 45. Rf1 Qe3+ 46. Qxe3
Rxe3 47. Kc2 Re2+ 48. Kd1 Re5 49. Rf8+ Kc7 50. Rf7+ Kc8 51. Rf8+ Kd7 52. Rf7+
Re7 53. Rf5 Rh7 54. Ke2 b5 55. axb6 axb6 56. b5 h4 57. Kf2 Rg7 58. Rf4 Rg5 59.
Rxh4 Rxd5 60. Rxc4 Rxb5 61. Ke3 Rd5 62. Rb4 Kc6 63. Rb1 b5 64. Rb4 Kc5 65. Rh4
Rd1 66. Ke2 Rd5 67. Ke3 Kb6 68. Rg4 Ka5 69. Rh4 Rc5 70. Kd3 d5 71. Rg4 Kb6 72.
Rh4 Rc4 73. Rh6+ Kc5 74. Rh5 Rg4 75. Rh8 Rg3+ 76. Kc2 Rg6 77. Rh4 Ra6 78. Kb3
Re6 79. Rh8 Re3 80. Rc8+ Kb6 81. Rd8 Kc6 82. Rc8+ Kd7 83. Rc5 Kd6 84. Kb4 Re1
85. Rxb5 Rb1+ 86. Ka5 Rxb5+ 87. Kxb5 d4 88. cxd4 Kd5 1/2-1/2

[Event "UNAM w Prelim B"]
[Site "Mexico City MEX"]
[Date "2012.11.19"]
[Round "4.3"]
[White "Guramishvili, Sopiko"]
[Black "Umudova, Nargiz"]
[Result "1/2-1/2"]
[WhiteTitle "IM"]
[BlackTitle "WIM"]
[WhiteElo "2403"]
[BlackElo "2220"]
[WhiteFideId "13602888"]
[BlackFideId "13402137"]
[EventDate "2012.11.16"]

1. c4 e5 2. g3 Nc6 3. Bg2 Bc5 4. Nc3 Nge7 5. e3 d6 6. a3 a6 7. Nge2 O-O 8. O-O
Ba7 9. b4 Be6 10. Nd5 Qd7 11. d4 exd4 12. exd4 Bg4 13. f3 Bf5 14. Ne3 Bg6 15.
Kh1 Nf5 16. Nxf5 Qxf5 17. Bb2 Rfe8 18. Nf4 Qc2 19. Qxc2 Bxc2 20. Rac1 Ba4 21. c5
Bb3 22. h4 Rad8 23. Rfe1 dxc5 24. dxc5 Rxe1+ 25. Rxe1 b6 26. Re3 Ba2 27. Nd3 Bb1
28. Ne5 Nxe5 29. Rxe5 bxc5 30. bxc5 f6 31. Re1 Ba2 32. Rc1 Rd2 33. Bc3 Rd5 34.
Bb4 a5 35. Bxa5 Rxc5 36. Rxc5 Bxc5 37. Bxc7 Bxa3 1/2-1/2

[Event "UNAM w Prelim B"]
[Site "Mexico City MEX"]
[Date "2012.11.19"]
[Round "4.4"]
[White "Umudova, Nargiz"]
[Black "Guramishvili, Sopiko"]
[Result "1-0"]
[WhiteTitle "WIM"]
[BlackTitle "IM"]
[WhiteElo "2220"]
[BlackElo "2403"]
[WhiteFideId "13402137"]
[BlackFideId "13602888"]
[EventDate "2012.11.16"]

1. e4 c5 2. b3 Nc6 3. Bb2 d6 4. f4 e5 5. Bc4 Nf6 6. Nc3 exf4 7. Nge2 f3 8. gxf3
Ne5 9. Bb5+ Bd7 10. Bxd7+ Nfxd7 11. Ng3 h5 12. Qe2 h4 13. Nf5 g6 14. Ne3 Bg7 15.
O-O-O Nc6 16. Nc4 Nde5 17. Nb5 O-O 18. Nbxd6 Nd4 19. Bxd4 cxd4 20. f4 d3 21. Qe3
Nxc4 22. Nxc4 dxc2 23. Kxc2 Bd4 24. Qd3 b5 25. Ne3 Rc8+ 26. Kb1 Rc5 27. Nc2 Rxc2
28. Qxc2 Qb6 29. Rc1 a5 30. Qc6 Qb8 31. Qc7 Qa8 32. Qc6 Qb8 33. e5 a4 34. b4 a3
35. Rhf1 Bb2 36. Rc5 Qd8 37. Rd5 Qe7 38. Qd6 Qb7 39. f5 g5 40. f6 Re8 41. Rg1
Kh7 42. Rxg5 Qc8 43. Rc5 Qh3 44. Rg7+ Kh6 45. Kc2 Qf1 46. Qd3 Qc1+ 47. Kb3 Qd1+
48. Rc2 1-0

[Event "UNAM w Prelim B"]
[Site "Mexico City MEX"]
[Date "2012.11.20"]
[Round "5.1"]
[White "Umudova, Nargiz"]
[Black "Muminova, Nafisa"]
[Result "0-1"]
[WhiteTitle "WIM"]
[BlackTitle "WIM"]
[WhiteElo "2220"]
[BlackElo "2349"]
[WhiteFideId "13402137"]
[BlackFideId "14201526"]
[EventDate "2012.11.16"]

1. e4 e6 2. d4 d5 3. Nc3 Nf6 4. e5 Nfd7 5. f4 c5 6. Nf3 Nc6 7. Be3 Qb6 8. Na4
Qa5+ 9. c3 b6 10. Bd2 c4 11. b4 Nxb4 12. cxb4 Bxb4 13. Qc2 Bxd2+ 14. Nxd2 b5 15.
Nc3 O-O 16. Be2 b4 17. Nd1 f6 18. exf6 Rxf6 19. g3 Qb6 20. Nf3 Nb8 21. Nf2 Nc6
22. Rd1 a5 23. Ng4 Rf8 24. Nge5 Nxe5 25. fxe5 b3 26. axb3 cxb3 27. Qc3 a4 28.
Rb1 Ba6 29. Bxa6 Qxa6 30. Rf1 Rac8 31. Qe3 Rc2 32. Nd2 Rfc8 33. Qe2 Qb6 34. Qf2
Qb7 35. Qf4 h6 36. Ke2 Qb5+ 37. Kd1 b2 38. Qf7+ Kh7 39. Qxe6 Rc1+ 0-1

[Event "UNAM w Prelim B"]
[Site "Mexico City MEX"]
[Date "2012.11.20"]
[Round "5.2"]
[White "Muminova, Nafisa"]
[Black "Umudova, Nargiz"]
[Result "0-1"]
[WhiteTitle "WIM"]
[BlackTitle "WIM"]
[WhiteElo "2349"]
[BlackElo "2220"]
[WhiteFideId "14201526"]
[BlackFideId "13402137"]
[EventDate "2012.11.16"]

1. e4 d5 2. exd5 Qxd5 3. Nc3 Qa5 4. Nf3 Nf6 5. d4 Nc6 6. Bc4 Bg4 7. h3 Bxf3 8.
Qxf3 O-O-O 9. d5 Nb4 10. O-O e6 11. dxe6 Nxc2 12. Be3 Nxa1 13. Rxa1 fxe6 14.
Bxe6+ Kb8 15. Rc1 Bd6 16. a4 Qe5 17. Bc4 Qh2+ 18. Kf1 a6 19. b4 Rhf8 20. b5 a5
21. b6 c6 22. Ke2 Nd5 23. Qe4 Nxe3 24. fxe3 Qg3 25. Rf1 Rxf1 26. Kxf1 Bb4 27.
Qe6 Bxc3 0-1